000 00676nam a2200229 a 4500
999 _c11827
_d11827
001 11827
003 BD-JhCC
005 20220608134021.0
008 181120b19982019bg |||| ||a| 00| 0 ben d
020 _a9789844042742
035 _a(BD-JhCC)11827
040 _aBD-JhCC
_dBD-JhCC
041 _aben
082 _a891.443
_bRAI 2019
100 _aরায়হান, জহির
245 _aকয়েকটি মৃত্যু /
_cজহির রায়হান ।
260 _aঢাকা:
_bঅনুপম প্রকাশনী ;
_c২০১৯.
300 _a27 p. :
_c22 cm
650 _aBengali Novel .
942 _2ddc
_cBK
_03